| 000 | 00978nas a2200313 4500 | ||
|---|---|---|---|
| 001 | BR2015000512 | ||
| 003 | BR-BrBNA | ||
| 005 | 20231205124934.0 | ||
| 007 | ta | ||
| 008 | 230509b bl.|||p| |||| 00| 00por d | ||
| 040 |
_aBR-BrBNA _bpor _cBiblioteca Nacional de Agricultura |
||
| 041 | _a(Pt) | ||
| 072 | _aH10; A01 | ||
| 100 | 1 | _aVenzon, M. | |
| 100 | 1 | _aRezende, M.Q. | |
| 100 | 1 | _aRodriguez-Cruz, F.A. | |
| 100 | 1 | _aPerez, A.L. | |
| 100 | 1 | _aMatos, M.C.B. | |
| 100 | 1 | _aOliveira, J.M. de | |
| 245 | 1 | _aMétodos alternativos para o controle de pragas do cafeeiro | |
| 650 | _aCAFÉ | ||
| 650 | _aAGRICULTURA ORGÂNICA | ||
| 650 | _aCONTROLE QUÍMICO | ||
| 650 | _aCONTROLE INTEGRADO | ||
| 650 | _aCONTROLE BIOLÓGICO | ||
| 773 | 0 |
_tInforme Agropecuário - Empresa de Pesquisa Agropecuária de Minas Gerais (Brazil) _xISSN 0100-3364 _g(May-Jun 2014), v. 35(280) p. 67-75 _wBR2015000512 |
|
| 909 |
_a202311 _bLúcia _c55 _dLúcia Elande |
||
| 942 |
_2AGRIS _n0 _cANA |
||
| 999 |
_c241727 _d241727 |
||